000
00328nam a22001457a 4500
008
230127b ||||| |||| 00| 0 eng d
020
_a
9780849302336
041
_a
eng
080
_2
SECOND EDITION
_a
34
082
_a
34RUD
100
_a
30
101
_a
JURED
245
_a
FOREENSIC DNA ANALYSIS
_c
RUDIN N
942
_2
udc
_c
BK
999
_c
59285
_d
59285